Obras completas

Uloženo v:
Podrobná bibliografie
Hlavní autor: Pérez Galdós, Benito (Autor)
Médium: Kniha
Jazyk:španělština
Vydáno: Madrid Aguilar 1970
Témata:
Tagy: Přidat tag
Žádné tagy, Buďte první, kdo vytvoří štítek k tomuto záznamu!

MARC

LEADER 00000nam a2200000 a 4500
001 UCX4865
003 CL-VaPUC
008 920806e19700000SP |||||||||||||||||spa|d
082 0 4 |a 860.8  |b PER  |2 21 
100 0 |a Pérez Galdós, Benito  |e author  |9 318144 
245 1 0 |a Obras completas 
300 |a 6 v 
942 |c BK 
945 |d 19920806 00:00:00 
260 |a Madrid  |b Aguilar  |c 1970 
650 0 |a Antologías  |9 309836 
650 0 |a Literatura española  |9 306261 
651 0 |a España  |9 254926 
583 |a last modification  |c 20171123 10:57:12  |k Rodrigo Vera 
999 |c 225238  |d 225236 
952 |0 0  |1 0  |4 0  |6 860_800000000000000_PER_1970  |7 0  |8 A  |9 222607  |a BIBEDU  |b BIBEDU  |d 2019-11-15  |h v.1  |i 2914093  |l 1  |m 1  |o 860.8 PER 1970  |p 2914093  |r 2023-04-17  |s 2023-04-10  |w 2019-11-15  |y BK  |k LIT